[Event "Riscle-C"]
[Site "Riscle"]
[Date "2018.08.08"]
[Round "4"]
[White "Josse, Mathilde"]
[Black "Tholey, Jean Paul"]
[Result "1/2-1/2"]
[WhiteElo "1728"]
[BlackElo "1803"]
[PlyCount "147"]
[EventDate "2018.08.06"]
[EventType "tourn"]
[EventRounds "7"]
[EventCountry "FRA"]
[SourceTitle "EXT 2020"]
[Source "ChessBase"]
[SourceDate "2019.10.17"]
[SourceVersion "1"]
[SourceVersionDate "2019.10.17"]
[SourceQuality "1"]

1. e4 c5 2. Nf3 a6 3. c3 d5 4. Be2 dxe4 5. Qa4+ Nc6 6. Qxe4 Nf6 7. Qh4 Bf5 8. 0-0 e6 9. d4 cxd4 10. Nxd4 Nxd4 11. Qxd4 Qxd4 12. cxd4 Bb4 13. a3 Ba5 14. b4 Bb6 15. Be3 Rc8 16. Nd2 Rd8 17. Nb3 Be4 18. Rac1 0-0 19. Rfd1 Rc8 20. Nc5 Bxc5 21. dxc5 Rfd8 22. Bf4 Bc6 23. Be5 Kf8 24. f3 Ba4 25. Bd6+ Ke8 26. Rd4 Nd5 27. Bc4 Ne3 28. Kf2 Nf5 29. Rd3 Nxd6 30. cxd6 Rxc4 31. Rxc4 Bb5 32. Rdd4 Bxc4 33. Rxc4 Rxd6 34. Rc8+ Ke7 35. Rb8 Rd7 36. Ke3 Kd6 37. Rc8 Rc7 38. Rd8+ Ke7 39. Rd3 Rc2 40. g4 Rxh2 41. Rc3 Ra2 42. Kd4 Kd6 43. Kc4 b5+ 44. Kd4 e5+ 45. Ke4 f6 46. Rd3+ Ke6 47. Rc3 Rd2 48. Rc6+ Rd6 49. Rc3 g6 50. Rc5 f5+ 51. gxf5+ gxf5+ 52. Ke3 f4+ 53. Ke2 Kf5 54. Rc3 h5 55. Kf2 Rh6 56. Rc8 Rd6 57. Ke2 Re6 58. Kf2 e4 59. Rc5+ Re5 60. fxe4+ Kxe4 61. Rc6 Rd5 62. Re6+ Kd3 63. Kf3 Rf5 64. Rxa6 Kc4 65. Rc6+ Kd5 66. Rb6 Kd4 67. Rd6+ Ke5 68. Rb6 Kd4 69. Rd6+ Rd5 70. Rh6 Kc3 71. Kxf4 Kb3 72. Ra6 Rd1 73. Kg5 Ra1 74. Ra5 1/2-1/2

[Event "Riscle-C"]
[Site "Riscle"]
[Date "2018.08.06"]
[Round "1"]
[White "Josse, Mathilde"]
[Black "Jackson, Daniel"]
[Result "1-0"]
[WhiteElo "1728"]
[BlackElo "1764"]
[PlyCount "68"]
[EventDate "2018.08.06"]
[EventType "tourn"]
[EventRounds "7"]
[EventCountry "FRA"]
[SourceTitle "EXT 2020"]
[Source "ChessBase"]
[SourceDate "2019.10.17"]
[SourceVersion "1"]
[SourceVersionDate "2019.10.17"]
[SourceQuality "1"]

1. e4 c5 2. Nf3 d6 3. Bb5+ Bd7 4. Bxd7+ Nxd7 5. d4 cxd4 6. Nxd4 a6 7. 0-0 Ngf6 8. Nc3 g6 9. Be3 Bg7 10. Kh1 Nc5 11. f3 0-0 12. Qd2 b5 13. Bh6 Qd7 14. Bxg7 Kxg7 15. Qg5 h6 16. Qe3 Rfc8 17. Rfe1 b4 18. Nd5 Nxd5 19. exd5 Re8 20. c4 e5 21. dxe6 fxe6 22. Qd2 a5 23. Re3 Rad8 24. Rd1 d5 25. Qe2 Kh7 26. Re5 Qf7 27. Nc6 Rc8 28. cxd5 exd5 29. Nxa5 Rxe5 30. Qxe5 Re8 31. Qd4 Qe7 32. Nb3 Nxb3 33. axb3 Qd6 34. h3 Rd8 1-0

[Event "Gorges op 28th"]
[Site "Gorges"]
[Date "2018.07.07"]
[Round "2"]
[White "Josse, Mathilde"]
[Black "Le Pen, Steven"]
[Result "1/2-1/2"]
[WhiteElo "1734"]
[BlackElo "2044"]
[PlyCount "38"]
[EventDate "2018.07.07"]
[EventType "swiss"]
[EventRounds "5"]
[EventCountry "FRA"]
[SourceTitle "EXT 2020"]
[Source "ChessBase"]
[SourceDate "2019.10.17"]
[SourceVersion "1"]
[SourceVersionDate "2019.10.17"]
[SourceQuality "1"]

1. e4 c5 2. Nf3 d6 3. Bb5+ Nd7 4. c3 Ngf6 5. Qe2 g6 6. 0-0 Bg7 7. d4 cxd4 8. cxd4 a6 9. Bc4 e5 10. Rd1 Qc7 11. Nc3 0-0 12. dxe5 dxe5 13. Bg5 Nb6 14. Bb3 h6 15. Bh4 g5 16. Bg3 Nh5 17. Rac1 Nxg3 18. hxg3 Qe7 19. Qe3 Qb4 1/2-1/2

[Event "FRA-chT2 (Women)"]
[Site "Vezin Le Coquet"]
[Date "2017.01.15"]
[Round "1.1"]
[White "Catherinot, Laetitia"]
[Black "Josse, Mathilde"]
[Result "0-1"]
[WhiteElo "1450"]
[BlackElo "1741"]
[PlyCount "78"]
[EventDate "2017.01.15"]
[EventType "team-match"]
[EventRounds "5"]
[EventCountry "FRA"]
[SourceTitle "EXT 2024"]
[Source "ChessBase"]
[SourceDate "2023.10.10"]
[SourceVersion "1"]
[SourceVersionDate "2023.10.10"]
[SourceQuality "1"]

1. e4 e5 2. Nf3 Nc6 3. Nc3 Bc5 4. Nxe5 Nxe5 5. d4 Qe7 6. dxc5 Qxc5 7. Nd5 Ne7 8. Qh5 Qd6 9. Bf4 Nxd5 10. exd5 Qb4+ 11. Bd2 Qxb2 12. Rc1 0-0 13. Be2 d6 14. 0-0 Qd4 15. Ba5 b6 16. Rfd1 Qe4 17. Bc3 Bg4 18. Bxg4 Qxg4 19. Qxg4 Nxg4 20. f3 Ne3 21. Rd2 Rae8 22. Kf2 f5 23. Re2 Nxd5 24. Rxe8 Rxe8 25. Bd2 f4 26. c4 Ne3 27. g3 fxg3+ 28. hxg3 Nf5 29. g4 Nd4 30. Bf4 Re2+ 31. Kg3 Rxa2 32. Kh3 Ne2 33. Be3 Nxc1 34. Bxc1 Kf7 35. Kg3 Rc2 36. Bf4 Rxc4 37. Be3 a5 38. Bf4 a4 39. Bd2 a3 0-1

[Event "FRA-chT2 (Women)"]
[Site "Vezin Le Coquet"]
[Date "2017.01.15"]
[Round "2.1"]
[White "Josse, Mathilde"]
[Black "Malry, Celia"]
[Result "1-0"]
[WhiteElo "1741"]
[BlackElo "1518"]
[PlyCount "71"]
[EventDate "2017.01.15"]
[EventType "team-match"]
[EventRounds "5"]
[EventCountry "FRA"]
[SourceTitle "EXT 2024"]
[Source "ChessBase"]
[SourceDate "2023.10.10"]
[SourceVersion "1"]
[SourceVersionDate "2023.10.10"]
[SourceQuality "1"]

1. e4 g6 2. d4 Bg7 3. Nf3 d6 4. Nc3 Bd7 5. Be2 e5 6. dxe5 dxe5 7. 0-0 Ne7 8. Bg5 0-0 9. Qd2 Be6 10. Qxd8 Rxd8 11. Bxe7 Re8 12. Bg5 f6 13. Be3 Nc6 14. Rfd1 a6 15. Rd2 Bf8 16. Nd5 Bxd5 17. Rxd5 Bd6 18. Rad1 Nb4 19. R5d2 b6 20. a3 Nc6 21. Bc4+ Kg7 22. Bd5 Ne7 23. Bxa8 Rxa8 24. Bxb6 Bxa3 25. bxa3 cxb6 26. Rd7 Kf7 27. Rb7 Rc8 28. Rdd7 Rxc2 29. Rxe7+ Kf8 30. h3 b5 31. Rxh7 Kg8 32. Rhg7+ Kf8 33. Rxg6 Rc3 34. Rxf6+ Kg8 35. Rxa6 Rc8 36. Nxe5 1-0

[Event "FRA-chT2 (Women)"]
[Site "Vezin Le Coquet"]
[Date "2017.01.15"]
[Round "3.1"]
[White "Le Gouic, Sonia"]
[Black "Josse, Mathilde"]
[Result "0-1"]
[WhiteElo "1693"]
[BlackElo "1741"]
[PlyCount "94"]
[EventDate "2017.01.15"]
[EventType "team-match"]
[EventRounds "5"]
[EventCountry "FRA"]
[SourceTitle "EXT 2024"]
[Source "ChessBase"]
[SourceDate "2023.10.10"]
[SourceVersion "1"]
[SourceVersionDate "2023.10.10"]
[SourceQuality "1"]

1. e4 e5 2. Nf3 Nc6 3. Bb5 a6 4. Ba4 Nf6 5. 0-0 b5 6. Bb3 Be7 7. Re1 0-0 8. c3 d6 9. d4 Bg4 10. d5 Na5 11. Bc2 Rc8 12. a4 c6 13. axb5 axb5 14. dxc6 Nxc6 15. Bb3 Qc7 16. h3 Bh5 17. Qd3 b4 18. Nh4 Nd7 19. Nf5 Bg6 20. Qg3 Nc5 21. Bd5 Bf6 22. Nd2 bxc3 23. bxc3 Bxf5 24. exf5 Ne7 25. Be4 d5 26. Bc2 e4 27. Qxc7 Rxc7 28. Nb1 Nxf5 29. Bf4 Rc6 30. g4 Nh4 31. Re3 Nf3+ 32. Kf1 g5 33. Bg3 Rfc8 34. Bd1 Ne5 35. Be2 Ned3 36. f3 Nf4 37. Bb5 Rb6 38. c4 Bxa1 39. Ra3 dxc4 40. Rxa1 Rxb5 41. Nc3 Rb3 42. Bxf4 gxf4 43. Nd5 Rxf3+ 44. Ke2 Rd8 45. Nf6+ Kg7 46. Nxe4 Re3+ 47. Kf2 Nxe4+ 0-1

[Event "FRA-ch U18 Girls"]
[Site "Montlucon"]
[Date "2011.04.18"]
[Round "2"]
[White "Josse, Mathilde"]
[Black "Thuret, Marine"]
[Result "1/2-1/2"]
[WhiteElo "1721"]
[BlackElo "1909"]
[PlyCount "83"]
[EventDate "2011.04.17"]
[EventType "swiss"]
[EventRounds "9"]
[EventCountry "FRA"]
[SourceTitle "CBM 142 Extra"]
[Source "ChessBase"]
[SourceDate "2011.06.27"]
[SourceVersion "1"]
[SourceVersionDate "2011.06.27"]
[SourceQuality "1"]

1. e4 c5 2. Nf3 a6 3. c3 Qa5 4. Bd3 d6 5. Bc2 g6 6. 0-0 Bg7 7. d4 Bg4 8. Be3 Nf6 9. Nbd2 cxd4 10. cxd4 0-0 11. h3 Bd7 12. Nb3 Qd8 13. Qd2 b5 14. Bh6 a5 15. Bxg7 Kxg7 16. Qg5 Na6 17. Rad1 Nb4 18. Bb1 Rc8 19. e5 Ne8 20. Nh4 Nc2 21. Rd2 Nb4 22. Nf5+ Bxf5 23. Bxf5 e6 24. Qxd8 Rxd8 25. Be4 a4 26. Na5 dxe5 27. Rfd1 Nf6 28. dxe5 Nfd5 29. a3 Na6 30. Bxd5 exd5 31. Rxd5 Rb8 32. Rc1 b4 33. Rc6 bxa3 34. bxa3 Ra8 35. Nc4 Rfc8 36. Rdc5 Rxc6 37. Rxc6 Ra7 38. Nb6 Rc7 39. Rxc7 Nxc7 40. Nxa4 Nb5 41. Nc5 Nxa3 42. f4 1/2-1/2

[Event "FRA-chT2 1011"]
[Site "France"]
[Date "2010.11.13"]
[Round "2.8"]
[White "Josse, Mathilde"]
[Black "Delaire, Eric"]
[Result "0-1"]
[WhiteElo "1681"]
[BlackElo "1836"]
[PlyCount "56"]
[EventDate "2010.10.17"]
[EventType "team-tourn"]
[EventRounds "11"]
[EventCountry "FRA"]
[SourceTitle "EXT 2012"]
[Source "ChessBase"]
[SourceDate "2011.11.24"]
[SourceVersion "1"]
[SourceVersionDate "2011.11.24"]
[SourceQuality "1"]

1. e4 c5 2. Nf3 Nc6 3. Bb5 e6 4. Bxc6 bxc6 5. d3 Ne7 6. Nc3 Ng6 7. Bd2 Be7 8. 0-0 0-0 9. Kh1 d6 10. h3 e5 11. Nh2 Rb8 12. Rb1 Be6 13. b3 Qd7 14. f4 Nxf4 15. Bxf4 exf4 16. Rxf4 Bf6 17. Ne2 Be5 18. Rf3 f5 19. exf5 Bd5 20. Rf1 Rxf5 21. Ng4 Rxf1+ 22. Qxf1 h5 23. Nxe5 Qxh3+ 24. Kg1 Qe3+ 25. Kh1 Qxe5 26. Re1 Rf8 27. Qg1 Qg5 28. Nc3 Qh4+ 0-1

[Event "FRA-chT2 1011"]
[Site "France"]
[Date "2010.10.17"]
[Round "1.8"]
[White "Legoupil, Benoit"]
[Black "Josse, Mathilde"]
[Result "1-0"]
[WhiteElo "1742"]
[BlackElo "1687"]
[PlyCount "123"]
[EventDate "2010.10.17"]
[EventType "team-tourn"]
[EventRounds "11"]
[EventCountry "FRA"]
[SourceTitle "EXT 2012"]
[Source "ChessBase"]
[SourceDate "2011.11.24"]
[SourceVersion "1"]
[SourceVersionDate "2011.11.24"]
[SourceQuality "1"]

1. e4 e5 2. Nf3 Nc6 3. Bc4 Bc5 4. Nc3 Nf6 5. d3 d6 6. Bg5 h6 7. Bh4 g5 8. Bg3 Bg4 9. h4 Nh5 10. Qd2 Bxf3 11. gxf3 Nd4 12. 0-0-0 c6 13. Na4 Bb6 14. Nxb6 axb6 15. c3 Nxf3 16. Qe2 Qf6 17. Kb1 0-0-0 18. hxg5 hxg5 19. Qe3 Kc7 20. Rhf1 Rde8 21. d4 Nh4 22. Rd2 Ng2 23. Qd3 Nhf4 24. Qc2 Rd8 25. Rg1 Rh5 26. Qb3 Rh7 27. Qd1 Rhh8 28. Bf1 Nh4 29. Qg4 Nhg6 30. f3 Rh5 31. Bc4 Rh7 32. Rgd1 Rhh8 33. Bb3 Nh4 34. dxe5 dxe5 35. Rd7+ Rxd7 36. Rxd7+ Kb8 37. Rxf7 Qd8 38. Rd7 Qc8 39. Kc2 Rd8 40. Rg7 Qxg4 41. fxg4 Nf3 42. Rg8 Rxg8 43. Bxg8 Kc7 44. b4 Kd6 45. a4 Kd7 46. Bc4 Kd6 47. Kd1 Kd7 48. Be2 Ng1 49. Bf1 Nf3 50. Bf2 Nh2 51. Be2 Nxe2 52. Kxe2 Nxg4 53. Bxb6 Nf6 54. Ke3 Kd6 55. Bd8 Ke6 56. Bxf6 Kxf6 57. Kf3 Kf7 58. Kg4 Kg6 59. c4 Kf6 60. b5 cxb5 61. cxb5 b6 62. a5 1-0

[Event "FRA-chT2 0910"]
[Site "France"]
[Date "2009.10.17"]
[Round "2.8"]
[White "Josse, Mathilde"]
[Black "Jolly, Marie"]
[Result "1/2-1/2"]
[WhiteElo "1702"]
[BlackElo "1714"]
[PlyCount "64"]
[EventDate "2009.09.27"]
[EventType "team-tourn"]
[EventRounds "11"]
[EventCountry "FRA"]
[SourceTitle "EXT 2011"]
[Source "ChessBase"]
[SourceDate "2010.11.26"]
[SourceVersion "1"]
[SourceVersionDate "2010.11.26"]
[SourceQuality "1"]

1. e4 e6 2. d4 d5 3. Nd2 Nf6 4. e5 Nfd7 5. Bd3 c5 6. c3 Nc6 7. Ne2 Qb6 8. Nf3 cxd4 9. cxd4 Be7 10. 0-0 0-0 11. b3 Re8 12. Be3 Nb4 13. Bb1 Nf8 14. a3 Nc6 15. Qd3 Na5 16. Bc2 Bd7 17. a4 Nc6 18. Bd2 Rac8 19. Rfc1 Bb4 20. Ng5 Bxd2 21. Qxd2 h6 22. Nf3 Rc7 23. Ne1 Rec8 24. Bd1 Qb4 25. Qxb4 Nxb4 26. Rxc7 Rxc7 27. Rc1 Rxc1 28. Nxc1 f6 29. Ncd3 Nxd3 30. Nxd3 b6 31. f4 Kf7 32. Kf2 Ke7 1/2-1/2

[Event "FRA-chT2 0910"]
[Site "France"]
[Date "2009.10.04"]
[Round "1.8"]
[White "Le Du, Michel"]
[Black "Josse, Mathilde"]
[Result "1/2-1/2"]
[WhiteElo "1932"]
[BlackElo "1702"]
[PlyCount "75"]
[EventDate "2009.09.27"]
[EventType "team-tourn"]
[EventRounds "11"]
[EventCountry "FRA"]
[SourceTitle "EXT 2011"]
[Source "ChessBase"]
[SourceDate "2010.11.26"]
[SourceVersion "1"]
[SourceVersionDate "2010.11.26"]
[SourceQuality "1"]

1. e4 g6 2. d4 Bg7 3. Nc3 d6 4. Be3 a6 5. Qd2 b5 6. a3 Nd7 7. Nge2 Bb7 8. Ng3 Rc8 9. Be2 Ngf6 10. 0-0 0-0 11. f4 c5 12. Bf3 Nb6 13. b3 Qc7 14. Rac1 Rfd8 15. d5 Nfd7 16. Bg4 b4 17. axb4 cxb4 18. Nd1 a5 19. Bxd7 Rxd7 20. f5 Ba6 21. Rf3 Rdd8 22. fxg6 hxg6 23. Qf2 Nd7 24. Rxf7 Bf6 25. Rxf6 exf6 26. Bd4 Rf8 27. Ne2 g5 28. Ne3 Ne5 29. Nf5 Qd7 30. Bb2 Ng4 31. Qf3 Ne5 32. Qf2 Bxe2 33. Qxe2 Qa7+ 34. Bd4 Qc7 35. Qh5 Qh7 36. Qe2 Ra8 37. Nxd6 Nf7 38. Nf5 1/2-1/2

[Event "Rennes op 2nd"]
[Site "Rennes"]
[Date "2009.07.22"]
[Round "8"]
[White "Vandomel, Fabrice"]
[Black "Josse, Mathilde"]
[Result "0-1"]
[WhiteElo "1895"]
[BlackElo "1688"]
[PlyCount "132"]
[EventDate "2009.07.15"]
[EventType "swiss"]
[EventRounds "9"]
[EventCountry "FRA"]
[SourceTitle "EXT 2011"]
[Source "ChessBase"]
[SourceDate "2010.11.26"]
[SourceVersion "1"]
[SourceVersionDate "2010.11.26"]
[SourceQuality "1"]

1. b3 e5 2. Bb2 Nc6 3. Nf3 e4 4. Nd4 Nxd4 5. Bxd4 d5 6. e3 c5 7. Bb2 Nf6 8. d4 Be7 9. c4 Bg4 10. Qd2 0-0 11. cxd5 Nxd5 12. a3 Bf6 13. Be2 Bxe2 14. Kxe2 Rc8 15. dxc5 Bxb2 16. Qxb2 Qg5 17. Nd2 Qg4+ 18. Kf1 Rxc5 19. h3 Qf5 20. g4 Qe6 21. Qd4 Rfc8 22. Qxe4 Qa6+ 23. Kg2 Nf6 24. Qf3 Rc2 25. Ne4 Nd7 26. g5 Ne5 27. Qh5 Qc6 28. Qh4 Nd3 29. Rhf1 Nc5 30. Kf3 Nxb3 31. Rad1 Nd2+ 32. Rxd2 Rxd2 33. Kg3 Qc7+ 34. f4 Rd3 35. Kf3 Qb6 36. Re1 Re8 37. Qg4 Rxe4 38. Kxe4 Qd8 39. Qf5 Rxa3 40. Kf3 g6 41. Qc2 Qd5+ 42. Kg3 Qe6 43. Qd2 b5 44. Qd8+ Kg7 45. Qd4+ Kf8 46. Qd8+ Qe8 47. Qd6+ Qe7 48. Qd4 Kg8 49. Kf3 a5 50. Rc1 Qe8 51. Rc5 Ra4 52. Qd3 Qe6 53. Kg3 Re4 54. Kf3 Rc4 55. Qd8+ Kg7 56. Qf6+ Qxf6 57. gxf6+ Kxf6 58. Rxb5 a4 59. Ra5 h6 60. h4 h5 61. Ke2 Ke6 62. Kd3 Rb4 63. Kc3 Rb3+ 64. Kc2 Rxe3 65. Rxa4 Kf5 66. Kd2 Re4 0-1

[Event "Rennes op 2nd"]
[Site "Rennes"]
[Date "2009.07.17"]
[Round "3"]
[White "Josse, Mathilde"]
[Black "Grego, Pierre"]
[Result "0-1"]
[WhiteElo "1688"]
[BlackElo "1870"]
[PlyCount "86"]
[EventDate "2009.07.15"]
[EventType "swiss"]
[EventRounds "9"]
[EventCountry "FRA"]
[SourceTitle "EXT 2011"]
[Source "ChessBase"]
[SourceDate "2010.11.26"]
[SourceVersion "1"]
[SourceVersionDate "2010.11.26"]
[SourceQuality "1"]

1. e4 e5 2. Nf3 d6 3. Nc3 Nf6 4. h3 g6 5. Bc4 Bg7 6. 0-0 0-0 7. d3 c6 8. Bb3 Nbd7 9. Bg5 Nc5 10. Qd2 a5 11. d4 exd4 12. Bxf6 Qxf6 13. Ne2 Nxe4 14. Qxd4 Qxd4 15. Nexd4 d5 16. c3 Bd7 17. Rac1 a4 18. Bc2 c5 19. Ne2 a3 20. b4 cxb4 21. cxb4 Bb5 22. Bd1 Rac8 23. Re1 Rxc1 24. Nxc1 Bc3 25. Re3 Bc4 26. Bb3 Bxb3 27. Nxb3 Bxb4 28. Rd3 Nc3 29. Nc1 Re8 30. Kf1 Rc8 31. Nd4 Re8 32. Nc2 Ba5 33. g3 Rc8 34. Nxa3 f6 35. f3 Kf7 36. Nb3 Bb6 37. Ke1 Ke6 38. Nc1 Ba5 39. Kf1 Bb4 40. Nc2 Bf8 41. Ne3 h6 42. Kf2 f5 43. f4 Ne4+ 0-1

[Event "FRA-ch U16 Girls"]
[Site "Aix les Bains"]
[Date "2009.04.20"]
[Round "3"]
[White "Bourdaim, Hanna"]
[Black "Josse, Mathilde"]
[Result "0-1"]
[WhiteElo "1400"]
[BlackElo "1681"]
[PlyCount "84"]
[EventDate "2009.04.19"]
[EventType "swiss"]
[EventRounds "9"]
[EventCountry "FRA"]
[SourceTitle "CBM 130 Extra"]
[Source "ChessBase"]
[SourceDate "2009.07.02"]
[SourceVersion "2"]
[SourceVersionDate "2009.07.15"]
[SourceQuality "1"]

1. e4 g6 2. Nf3 Bg7 3. Bc4 d6 4. Nc3 Bg4 5. Bxf7+ Kxf7 6. Ng5+ Ke8 7. Qxg4 Nf6 8. Qh3 Qd7 9. Ne6 Kf7 10. Ng5+ Ke8 11. Qe6 Rf8 12. Nb5 h6 13. Qxd7+ Kxd7 14. Nxc7 hxg5 15. Nxa8 Nxe4 16. d3 Nc5 17. 0-0 Nc6 18. Rb1 Bf6 19. b4 Ne6 20. b5 Ncd4 21. b6 Rxa8 22. bxa7 Rxa7 23. Be3 Nc5 24. Bxd4 Bxd4 25. Rb4 Bf6 26. d4 Na6 27. Rb5 Nc7 28. Rb4 Rxa2 29. c3 Rc2 30. Rb3 Kc6 31. Rfb1 Nd5 32. Rxb7 Nxc3 33. R1b6+ Kd5 34. g3 Bxd4 35. Ra6 Rxf2 36. Ra5+ Ke6 37. Kh1 Nd5 38. Rb1 Bc5 39. Re1+ Kf6 40. Rd1 Ne3 41. Rb1 Ng4 42. Kg1 Rb2+ 0-1

[Event "FRA-chT Top 12 (Women)"]
[Site "Rennes"]
[Date "2007.05.13"]
[Round "4"]
[White "Josse, Mathilde"]
[Black "Aggoune, Audessa"]
[Result "1-0"]
[WhiteElo "1591"]
[BlackElo "1610"]
[PlyCount "121"]
[EventDate "2007.05.11"]
[EventType "team"]
[EventRounds "5"]
[EventCountry "FRA"]
[SourceTitle "CBM 118 Extra"]
[Source "ChessBase"]
[SourceDate "2007.07.04"]
[SourceVersion "1"]
[SourceVersionDate "2007.07.04"]
[SourceQuality "1"]
[WhiteTeam "Guingamp"]
[BlackTeam "Marseille"]
[WhiteTeamCountry "FRA"]
[BlackTeamCountry "FRA"]

1. e4 d5 2. exd5 Qxd5 3. Nc3 Qd6 4. d4 Nf6 5. Bc4 a6 6. a3 b5 7. Bb3 Bb7 8. f3 e6 9. Nge2 Be7 10. Bf4 Qb6 11. Bg3 0-0 12. Bf2 Rd8 13. Qc1 c5 14. dxc5 Bxc5 15. 0-0 Nc6 16. Ng3 Ne5 17. Nge4 Bxf2+ 18. Nxf2 Rd4 19. Qe3 Qd6 20. Rad1 Rxd1 21. Rxd1 Qc7 22. Nfe4 Nxe4 23. Nxe4 Ng6 24. Rd6 Rd8 25. Rxd8+ Qxd8 26. c3 h6 27. Nf2 Bd5 28. Qd4 Qa8 29. Bxd5 Qxd5 30. Qxd5 exd5 31. Nd3 Ne7 32. Kf2 f6 33. Ke3 Nf5+ 34. Ke2 Kf7 35. b4 d4 36. cxd4 Nxd4+ 37. Kd2 Nc6 38. Nc5 Nb8 39. Kd3 Ke7 40. Kd4 g6 41. Kd5 h5 42. g3 Nd7 43. Nxa6 Nb6+ 44. Kc5 Nc4 45. Kxb5 Nxa3+ 46. Kc5 Ke6 47. Nc7+ Ke5 48. b5 Nxb5 49. Nxb5 f5 50. Nc3 f4 51. Ne4 fxg3 52. hxg3 Kf5 53. Kd5 g5 54. Nd6+ Kf6 55. Ke4 Ke6 56. Nf5 Kf6 57. Nd4 Kg6 58. Ke5 h4 59. gxh4 gxh4 60. Kf4 Kh5 61. Nf5 1-0

[Event "FRA-chT Top 12 (Women)"]
[Site "Rennes"]
[Date "2007.05.12"]
[Round "2"]
[White "Josse, Mathilde"]
[Black "Sidibe, Malika"]
[Result "0-1"]
[WhiteElo "1591"]
[BlackElo "1833"]
[PlyCount "100"]
[EventDate "2007.05.11"]
[EventType "team"]
[EventRounds "5"]
[EventCountry "FRA"]
[SourceTitle "CBM 118 Extra"]
[Source "ChessBase"]
[SourceDate "2007.07.04"]
[SourceVersion "1"]
[SourceVersionDate "2007.07.04"]
[SourceQuality "1"]
[WhiteTeam "Guingamp"]
[BlackTeam "Mulhouse Philidor"]
[WhiteTeamCountry "FRA"]
[BlackTeamCountry "FRA"]

1. e4 c5 2. Nf3 Nc6 3. d4 cxd4 4. Nxd4 e5 5. Nf3 Nf6 6. Bd3 Bc5 7. 0-0 d6 8. Re1 Bg4 9. Be3 Bxe3 10. Rxe3 Nd4 11. Nbd2 0-0 12. c3 Nxf3+ 13. Nxf3 Qb6 14. Qc2 Rfe8 15. Bc4 Qc7 16. Bb3 Bh5 17. Rd1 Rad8 18. Qe2 h6 19. Red3 Kf8 20. h3 Nxe4 21. g4 Bg6 22. Re3 Nc5 23. Bc2 Ne6 24. Nh4 Bxc2 25. Qxc2 Kg8 26. Qf5 Qe7 27. Ng2 g6 28. Qd3 Ng5 29. Qd5 Qe6 30. Qa5 e4 31. Rd5 Nf3+ 32. Kh1 b6 33. Qb5 h5 34. Ne1 hxg4 35. hxg4 Nxe1 36. Rxe1 Kg7 37. Rg1 Rh8+ 38. Kg2 Qxg4+ 39. Kf1 Qf3 40. Qe2 Qxe2+ 41. Kxe2 Kf6 42. Ke3 Ke6 43. c4 Rh4 44. Rgg5 Rc8 45. Rd4 Rc5 46. Rxc5 bxc5 47. Rxe4+ Rxe4+ 48. Kxe4 g5 49. f3 f5+ 50. Ke3 Ke5 0-1

[Event "FRA-ch U14 Girls"]
[Site "Le Grand Bornand"]
[Date "2007.04.??"]
[Round "7"]
[White "Josse, Mathilde"]
[Black "Abidi, Ines"]
[Result "1-0"]
[WhiteElo "1591"]
[BlackElo "1800"]
[PlyCount "95"]
[EventDate "2007.04.07"]
[EventType "swiss"]
[EventRounds "9"]
[EventCountry "FRA"]
[SourceTitle "CBM 118 Extra"]
[Source "ChessBase"]
[SourceDate "2007.07.04"]
[SourceVersion "1"]
[SourceVersionDate "2007.07.04"]
[SourceQuality "1"]

1. e4 e6 2. d4 d5 3. Nd2 Nf6 4. e5 Nfd7 5. Bd3 c5 6. c3 Nc6 7. Ne2 Be7 8. 0-0 b6 9. Nf3 Bb7 10. Be3 Qc7 11. Rc1 h5 12. Bg5 Bxg5 13. Nxg5 Ne7 14. Nf4 h4 15. Qg4 c4 16. Ngxe6 Qc6 17. Nxg7+ Kd8 18. Bf5 Rg8 19. Nfh5 Nxf5 20. Qxf5 Qg6 21. Nf6 Qxf5 22. Nxf5 Nxf6 23. exf6 Rh8 24. Rfe1 Bc8 25. Ng7 Bd7 26. Re3 Rh6 27. Rf3 Rc8 28. Re1 Rc6 29. Re5 Rcxf6 30. Rxf6 Rxf6 31. Rxd5 Rg6 32. Nh5 Re6 33. Kf1 Ke7 34. Re5 Rxe5 35. dxe5 Ke6 36. f4 Kf5 37. g3 hxg3 38. hxg3 b5 39. Kf2 a6 40. Ke3 Bc8 41. Nf6 Ke6 42. g4 Bb7 43. Kd4 Ke7 44. Ne4 Kd8 45. Nd6 Bf3 46. Nxf7+ Ke7 47. Nh6 Ke6 48. f5+ 1-0

[Event "Hennebont Grand Prix"]
[Site "Hennebont"]
[Date "2006.08.06"]
[Round "4"]
[White "Josse, Mathilde"]
[Black "Jouneau, Quentin"]
[Result "1-0"]
[WhiteElo "1520"]
[BlackElo "1913"]
[PlyCount "43"]
[EventDate "2006.08.05"]
[EventType "swiss"]
[EventRounds "7"]
[EventCountry "FRA"]
[SourceTitle "EXT 2007"]
[Source "ChessBase"]
[SourceDate "2006.11.23"]
[SourceVersion "1"]
[SourceVersionDate "2006.11.23"]
[SourceQuality "1"]

1. e4 c5 2. Nf3 Nc6 3. d4 cxd4 4. Nxd4 Nf6 5. Nc3 e5 6. Nxc6 bxc6 7. Bc4 Bb4 8. Bg5 Qa5 9. Bd3 h6 10. Bd2 0-0 11. 0-0 Re8 12. a3 Bxc3 13. Bxc3 Qb6 14. Re1 d6 15. h3 Bb7 16. b4 Rad8 17. a4 Nd7 18. b5 cxb5 19. axb5 Nc5 20. Ba5 Nxd3 21. Bxb6 Nxe1 22. Bxd8 1-0

[Event "Hennebont Grand Prix"]
[Site "Hennebont"]
[Date "2006.08.05"]
[Round "2"]
[White "Josse, Mathilde"]
[Black "Boucaud, Anthony"]
[Result "0-1"]
[WhiteElo "1520"]
[BlackElo "1700"]
[PlyCount "68"]
[EventDate "2006.08.05"]
[EventType "swiss"]
[EventRounds "7"]
[EventCountry "FRA"]
[SourceTitle "EXT 2007"]
[Source "ChessBase"]
[SourceDate "2006.11.23"]
[SourceVersion "1"]
[SourceVersionDate "2006.11.23"]
[SourceQuality "1"]

1. e4 e6 2. d4 d5 3. Nc3 Bb4 4. e5 Ne7 5. Nf3 h6 6. a3 Bxc3+ 7. bxc3 c5 8. Bb5+ Bd7 9. Bxd7+ Nxd7 10. 0-0 Qc7 11. Be3 Nf5 12. Re1 Rc8 13. Re2 cxd4 14. cxd4 Qc3 15. Ne1 Rc4 16. Nf3 g5 17. g4 Nxe3 18. fxe3 b5 19. Ra2 Ra4 20. Qd3 Qc4 21. Qxc4 Rxc4 22. e4 dxe4 23. Rxe4 0-0 24. Re2 Nb6 25. Rb2 a6 26. Rb4 Rc3 27. Rb3 Rfc8 28. Ne1 Nd5 29. Kf2 Nf4 30. Rd2 Rxb3 31. cxb3 Rc3 32. Rb2 Nd3+ 33. Nxd3 Rxd3 34. a4 bxa4 0-1

[Event "Bretagne-ch U14"]
[Site "Sarzeau"]
[Date "2006.03.22"]
[Round "3"]
[White "Mallet, Berenice"]
[Black "Josse, Mathilde"]
[Result "1/2-1/2"]
[WhiteElo "1700"]
[BlackElo "1470"]
[PlyCount "124"]
[EventDate "2006.02.21"]
[EventType "swiss"]
[EventRounds "6"]
[EventCountry "FRA"]
[SourceTitle "EXT 2007"]
[Source "ChessBase"]
[SourceDate "2006.11.23"]
[SourceVersion "1"]
[SourceVersionDate "2006.11.23"]
[SourceQuality "1"]

1. d4 d5 2. c4 e6 3. Nc3 Nf6 4. Bg5 Be7 5. e3 0-0 6. Bd3 Nbd7 7. Nge2 h6 8. Bh4 Re8 9. 0-0 dxc4 10. Bxc4 Nb6 11. Bb3 c6 12. Na4 Nbd5 13. Bxf6 Nxf6 14. Nf4 Bb4 15. Nd3 Ba5 16. Ne5 Bc7 17. Nc5 Bxe5 18. dxe5 Nd5 19. Qd4 Rb8 20. Rfd1 b6 21. Ne4 Rf8 22. Nd6 f6 23. Rac1 Bd7 24. e4 Nf4 25. Kf1 c5 26. Qc3 fxe5 27. Qxe5 Qf6 28. Qxf6 Rxf6 29. Nf5 Bb5+ 30. Bc4 Bxc4+ 31. Rxc4 exf5 32. e5 Re6 33. Rxf4 Rxe5 34. Rd7 Rbe8 35. g4 fxg4 36. Rxg4 R5e7 37. Rd3 Rf7 38. Rd6 Kh7 39. b4 cxb4 40. Rxb4 Ref8 41. Rb2 Rc7 42. Kg2 Rfc8 43. Rbd2 Rc2 44. Rd7 Rxd2 45. Rxd2 Rc7 46. Rb2 Rc6 47. Kg3 Rf6 48. h4 h5 49. Rd2 Rf5 50. a4 Ra5 51. Rd4 a6 52. f4 b5 53. axb5 Rxb5 54. Ra4 a5 55. Kf3 Kg6 56. Ra1 Kf5 57. Rg1 Rb7 58. Rg5+ Kf6 59. Rxa5 g6 60. Re5 Re7 61. Ke4 Re6 62. Kd4 Ra6 1/2-1/2